Aston Villa Current Squad - Statistics

General Stats
  • This quiz has been taken 29 times
    7 since last reset
  • The average score is 23 of 26
Answer Stats
Hint Answer % Correct
21 Douglas Luiz
100%
23 Emiliano Martínez
100%
4 Ezri Konsa
100%
9 Harvey Elliott
100%
22 Ian Maatsen
100%
7 John McGinn
100%
31 Leon Bailey
100%
26 Lomare Bogarde
100%
12 Lucas Digne
100%
40 Marco Bizot
100%
2 Matty Cash
100%
11 Ollie Watkins
100%
14 Pau Torres
100%
Unai Emery
100%
3 Victor Lindelöf
100%
8 Youri Tielemans
100%
24 Amadou Onana
83%
16 Andrés García
83%
44 Boubacar Kamara
83%
10 Emiliano Buendía
83%
27 Morgan Rogers
83%
5 Tyrone Mings
83%
19 Jadon Sancho
67%
6 Ross Barkley
67%
18 Tammy Abraham
67%
47 Alysson
33%
No matching quizzes found
Score Distribution
Percent of People with Each Score
Percentile by Number Answered
Your Score History
You have not taken this quiz since the last reset